| 000 | 00952nas a2200325 4500 | ||
|---|---|---|---|
| 001 | BR2012002098 | ||
| 003 | BR-BrBNA | ||
| 005 | 20231205120331.0 | ||
| 007 | ta | ||
| 008 | 230509b bl.|||p| |||| 00| 00por d | ||
| 040 |
_aBR-BrBNA _bpor _cBiblioteca Nacional de Agricultura |
||
| 041 | _a(Pt) | ||
| 072 | _aH10 | ||
| 100 | 1 | _aOliveira, C.M.G. de | |
| 100 | 1 | _aMachado, A.C.Z. | |
| 100 | 1 | _aKubo, R.K. | |
| 100 | 1 | _aHarakava, R. | |
| 245 | 1 | _aDiagnose de Aphelenchoides fragariae e Pratylenchus spp. pela aplicação da tecnologia do código de barras do DNA | |
| 650 | _aLÍRIO | ||
| 650 | _aFOLHA | ||
| 650 | _aBATATA SEMENTE | ||
| 650 | _aTUBÉRCULO | ||
| 650 | _aNEMATÓIDE | ||
| 650 | _aDNA | ||
| 650 | _aDIAGNÓSTICO | ||
| 650 | _aGENÉTICA | ||
| 773 | 0 |
_tNematologia Brasileira (Brazil) _xISSN 0102-2997 _g(Sep 2009), v. 33(3) p. 218-225 _wBR2012002098 |
|
| 909 |
_a202311 _bLúcia _c55 _dLúcia Elande |
||
| 942 |
_2AGRIS _n0 _cANA |
||
| 999 |
_c218000 _d218000 |
||